|
|
|
|
| LEADER |
00000nnm a2200000 i 4500 |
| 001 |
dolg7241 |
| 005 |
20160616142534.0 |
| 008 |
160520suuuu hu o 000 hun d |
| 040 |
|
|
|a BGE Dolgozattár Repozitórium
|b hun
|
| 041 |
|
|
|a hu
|
| 100 |
1 |
|
|a Steier Bálint
|
| 245 |
1 |
3 |
|a Az egészségturizmus jelentősége, és a Prémium Hotel Panoráma fejlesztési lehetőségei
|c Steier Bálint
|h [elektronikus dokumentum]
|
| 516 |
|
|
|a Project_work
|
| 695 |
|
|
|a Balaton
|
| 695 |
|
|
|a EGÉSZSÉGTURIZMUS
|
| 700 |
1 |
|
|a Fehér Tamásné
|e ths
|
| 856 |
4 |
0 |
|u http://dolgozattar.uni-bge.hu/7241/1/Steier%20B%C3%A1lint-Projektmunka.pdf
|z Dokumentum-elérés
|